কাজলের দিনরাত্রি /

Bibliographic Details
Main Author: ইকবাল, মুহম্মদ জাফর
Format: Book
Language:Bengali
Published: ঢাকা : অনুপম প্রকাশনী, ২০০২, ২০০৮ [নবম মুদ্রণ ২০১৭].
Subjects:
Classic Catalogue: View this record in Classic Catalogue
LEADER 01363nam a22002897a 4500
001 AAL6909
003 BD-DhAAL
005 20250826130946.0
008 160224r20172002bg a|||| |||| 00| 1 ben d
020 |a 9844042119 
020 |a 9847015201647 
040 |a BD-DhAAL  |c BD-DhAAL 
041 |a ben 
082 |a 891.44371  |2 23 
100 |a ইকবাল, মুহম্মদ জাফর.  |9 18128 
245 |a কাজলের দিনরাত্রি /  |c মুহম্মদ জাফর ইকবাল. 
246 |a Kajaler dinratree 
260 |a ঢাকা :  |b অনুপম প্রকাশনী,  |c ২০০২, ২০০৮ [নবম মুদ্রণ ২০১৭]. 
300 |a ১১০ পৃষ্ঠা :  |b চিত্র ;  |c ২২ সে.মি. 
526 |a Residential Campus 
541 |e 6909, 34853 
650 |a Bengali fiction  |z Bangladesh.  |9 18130 
852 |a Savar Campus Library   |c General Stacks 
942 |2 ddc  |c BK 
999 |c 36920  |d 36920 
952 |0 0  |1 0  |2 ddc  |4 0  |6 891_443710000000000_IQB  |7 0  |9 58138  |a SCL  |b SCL  |c GEN  |d 2016-02-24  |g 100.00  |l 16  |m 26  |o 891.44371 IQB  |p 3020006909  |r 2024-06-30  |s 2024-06-27  |t 1  |w 2016-02-24  |y BK 
952 |0 0  |1 0  |2 ddc  |4 0  |6 891_443710000000000_IQB  |7 0  |9 65700  |a SCL  |b SCL  |c GEN  |d 2019-07-17  |e Development Book Agency  |g 154.00  |l 10  |m 9  |o 891.44371 IQB  |p 3020034853  |r 2026-03-03  |s 2026-02-25  |t 1  |v 154.00  |w 2019-07-17  |y BK